| 000 | 01033nam a22002177a 4500 | ||
|---|---|---|---|
| 003 | AM-YeHGA | ||
| 005 | 20250904111155.0 | ||
| 008 | 190301s1936 ru ||||| |||| 00| 0 rus d | ||
| 040 | _aAM-YeHGA | ||
| 041 | 0 | _arus | |
| 100 | 1 | _aВольф, Марк Борисович | |
| 245 | 1 | 0 |
_aСтатистический справочник по экономической географии капиталистического мира / _cМ. Б. Вольф, В. С. Клупт ; Под ред. М. И. Бортника |
| 250 | _a2-е изд., перераб. | ||
| 260 |
_a[Ленинград] : _bГос. соц.-экон. изд-во. Ленингр. отд-ние, _c1936. |
||
| 300 |
_a575 с., 1 вкл. л. табл. : _b карт.; _c23 см. |
||
| 504 | _aБиблиогр.: "Источники" (с. 556-560) | ||
| 650 | 1 | 4 |
_aНародное хозяйство _xБирма |
| 700 | 1 | _aКлупт, Вениамин Соломонович | |
| 700 | 1 |
_aБортник, М. И. _eред. _4edt |
|
| 942 |
_2udc _cBK |
||
| 999 |
_c426776 _d426776 |
||